Countries by presidents - Statistics

General Stats
  • This quiz has been taken 53 times
    40 since last reset
  • The average score is 37 of 195
Answer Stats
Picture Hint Answer % Correct
Hibatullah Akhundzada Afghanistan
75%
Javier Milei Argentina
70%
Bajram Begai Albania
60%
Abdelmadjid Tebboune Algeria
55%
Vahagn Khachaturyan Armenia
50%
Ilham Aliyev Azerbaijan
50%
Hamad bin Isa Al Khalifa Bahrain
50%
Alexander Lukashenko Belarus
50%
Xi Jinping China
50%
Joan Enric Vives i Sicíl Andorra
45%
João Lourenço Angola
45%
Rodney Williams Antigua and Barbuda
40%
David Hurley Australia
40%
King Philippe Belgium
40%
Rumen Radev Bulgaria
40%
Ibrahim Traoré Burkina Faso
40%
Justin Trudeau Canada
40%
Alexander van der Bellen Austria
35%
Cynthia A. Pratt Bahamas
35%
Sandra Mason Barbados
35%
Jigme Khesar Namgyel Wangchuck Bhutan
35%
Jair Bolsonaro Brazil
35%
Queen Margrethe II Denmark
35%
Joe Biden United States
35%
Võ Văn Thưởng Vietnam
35%
Mohammed Shahabuddin Bangladesh
30%
Patrice Talon Benin
30%
Luis Arce Bolivia
30%
Rodrigo Chaves Robles Costa Rica
30%
Petr Pavel Czech Republic
30%
Kim Jong-un North Korea
30%
Yoon Suk-yeol South Korea
30%
Recep Tayyip Erdoğan Turkey
30%
Khalifa bin Zayed Al Nahyan United Arab Emirates
30%
Pope Francis Vatican City
30%
Froyla Tzalam Belize
25%
Hassanal Bolkiah Brunei
25%
Zoran Milanović Croatia
25%
Nikos Christodoulides Cyprus
25%
Francisco Guterres East Timor
25%
Abdel Fattah el-Sisi Egypt
25%
Emmanuel Macron France
25%
Queen Elizabeth II Great Britain
25%
Naruhito Japan
25%
Kassym-Jomart Tokayev Kazakhstan
25%
Ukhnaagiin Khürelsükh Mongolia
25%
Andrzej Duda Poland
25%
Vladimir Putin Russia
25%
King Salman Saudi Arabia
25%
King Felipe VI Spain
25%
Bashar al-Assad Syria
25%
Volodymyr Zelenskyy Ukraine
25%
Emmerson Mnangagwa Zimbabwe
25%
Mokgweetsi Masisi Botswana
20%
Évariste Ndayishimiye Burundi
20%
Gabriel Boric Chile
20%
Gustavo Pedro Colombia
20%
Miguel Díaz-Canel Cuba
20%
Isaias Afwerki Eritrea
20%
Frank-Walter Steinmeier Germany
20%
Joko Widodo Indonesia
20%
Isaac Herzog Israel
20%
Sergio Mattarella Italy
20%
William Ruto Kenya
20%
Vjosa Osmani Kosovo
20%
Sadyr Japarov Kyrgyzstan
20%
Gitanas Nausėda Lithuania
20%
King Harald V Norway
20%
Bongbong Marcos Philippines
20%
Paul Kagame Rwanda
20%
Aleksandar Vučić Serbia
20%
Gurbanguly Berdimuhamedow Turkmenistan
20%
Nicolás Maduro Venezuela
20%
Rashad al-Alimi Yemen
20%
Hakainde Hichilema Zambia
20%
Norodom Sihamoni Cambodia
15%
Paul Biya Cameroon
15%
José Maria Neves Cape Verde
15%
Idriss Deby Chad
15%
Azali Assoumani Comoros
15%
Ismail Omar Guelleh Djibouti
15%
Sylvanie Burton Dominica
15%
Luis Abinader Dominican Republic
15%
Daniel Noboa Ecuador
15%
Alar Karis Estonia
15%
King Mswati III Eswatini
15%
Sahle- Work Zewde Ethiopia
15%
Nana Akufo-Addo Ghana
15%
Katerina Sakellaropoulou Greece
15%
Alpha Condé Guinea
15%
Xiomara Castro Honduras
15%
Ali Khamenei Iran
15%
Nawaf Al-Ahmad Al-Jaber Al-Sabah Kuwait
15%
Edgars Rinkēvičs Latvia
15%
Jakov Milatović Montenegro
15%
King Mohammed VI Morocco
15%
Min Aung Hlaing Myanmar
15%
Ram Chandra Poudel Nepal
15%
King Willem-Alexander Netherlands
15%
Daniel Ortega Nicaragua
15%
Abdourahamane Tchiani Niger
15%
Bola Tinubu Nigeria
15%
Errol Charles Saint Lucia
15%
Nataša Pirc Musar Slovenia
15%
Hassan Sheikh Mohamud Somalia
15%
Cyril Ramaphosa South Africa
15%
King Carl XVI Gustaf Sweden
15%
Samia Suluhu Hassan Tanzania
15%
Faure Gnassingbé Togo
15%
Kaïs Saïed Tunisia
15%
Yoweri Museveni Uganda
15%
Luis Lacalle Pou Uruguay
15%
Faustin-Archange Touadéra Central African Republic
10%
Félix Tshisekedi Democratic Republic of the Congo
10%
Claudia Rodríguez de Guevara El Salvador
10%
Teodoro Obiang Nguema Mbasogo Equatorial Guinea
10%
Wiliame Katonivere Fiji
10%
Sauli Niinistö Finland
10%
Brice Clotaire Oligui Nguema Gabon
10%
Adama Barrow Gambia
10%
Salome Zourabichvili Georgia
10%
Cécile La Grenade Grenada
10%
Alejandro Giammattei Guatemala
10%
Umaro Sissoco Embaló Guinea Bissau
10%
Irfaan Ali Guyana
10%
Ariel Henry Haiti
10%
Katalin Novák Hungary
10%
Guðni Th. Jóhannesson Iceland
10%
Droupadi Murmu India
10%
Abdul Latif Rashid Iraq
10%
Michael D. Higgins Ireland
10%
Alassane Outtara Ivory Coast
10%
Patrick Allen Jamaica
10%
King Abdullah II Jordan
10%
Taneti Maamau Kiribati
10%
Bounnhang Vorachith Laos
10%
Michel Aoun Lebanon
10%
King Letsie III Lesotho
10%
George Weah Liberia
10%
Mohamed al-Menfi Libya
10%
Prince Hans-Adam Liechtenstein
10%
Grand Duke Henri Luxembourg
10%
Andry Rajoelina Madagascar
10%
Lazarus Chakwera Malawi
10%
Abdullah Ri'ayatuddin Malaysia
10%
Mohamed Muizzu Maldives
10%
Assimi Goïta Mali
10%
George Vella Malta
10%
David Kabua Marshall Islands
10%
Mohamed Ould Ghazouani Mauritania
10%
Prithvirajsing Roopun Mauritius
10%
Andrés Manuel López Obrador Mexico
10%
Wesley Simina Micronesia
10%
Maia Sandu Moldova
10%
Sovereign Prince Albert II Monaco
10%
Filipe Nyusi Mozambique
10%
Hage Geingob Namibia
10%
David Adeang Nauru
10%
Stevo Pendarovski North Macedonia
10%
Haitham bin Tariq Oman
10%
Arif Alvi Pakistan
10%
Surangel Whipps Jr. Palau
10%
Laurentino Cortizo Panama
10%
Bob Dadae Papua New Guinea
10%
Mario Abdo Benítez Paraguay
10%
Dina Boluarte Peru
10%
Marcelo Rebelo de Sousa Portugal
10%
Tamim bin Hamad Al Thani Qatar
10%
Klaus Iohannis Romania
10%
Marcella Liburd Saint Kitts and Nevis
10%
Susan Dougan Saint Vincent and the Grenadines
10%
Tuimalealiifano Va'aletoa Sualauvi II Samoa
10%
Filippo Tamagnini San Marino
10%
Evaristo Carvalho Sao Tome and Principe
10%
Macky Sall Senegal
10%
Tharman Shanmugaratnam Singapore
10%
Zuzana Čaputová Slovakia
10%
David Vunagi Solomon Islands
10%
Salva Kiir Mayardit South Sudan
10%
Ranil Wickremesinghe Sri Lanka
10%
Abdel Fattah al-Burhan Sudan
10%
Chan Santokhi Suriname
10%
Alain Berset Switzerland
10%
Emomali Rahmon Tajikistan
10%
King Maha Vajiralongkorn Thailand
10%
King Tupou VI Tonga
10%
Paula-Mae Weekes Trinidad and Tobago
10%
Tupou VI Tuvalu
10%
Shavkat Mirziyoyev Uzbekistan
10%
Nikenike Vurobaravu Vanuatu
10%
Milorad Dodik Denis Bećirović, Željka Cvijanović, Željko Komšić
5%
Patsy Reddy New Zealand
5%
Denis Sassou Nguesso Republic of the Congo
5%
Wavel Ramkalawan Seychelles
5%
Julius Maada Bio Sierra Leone
5%
No matching quizzes found
Score Distribution
Percent of People with Each Score
Percentile by Number Answered
Your Score History
You have not taken this quiz since the last reset